<?xml version="1.0" encoding="UTF-8"?>
<record
    xmlns:xsi="http://www.w3.org/2001/XMLSchema-instance"
    xsi:schemaLocation="http://www.loc.gov/MARC21/slim http://www.loc.gov/standards/marcxml/schema/MARC21slim.xsd"
    xmlns="http://www.loc.gov/MARC21/slim">

  <leader>00335nam a22001337a 4500</leader>
  <controlfield tag="005">20170401172344.0</controlfield>
  <controlfield tag="008">170401b        xxu||||| |||| 00| 0 eng d</controlfield>
  <datafield tag="041" ind1=" " ind2=" ">
    <subfield code="a">eng</subfield>
  </datafield>
  <datafield tag="100" ind1=" " ind2=" ">
    <subfield code="a">JARGER, J.C. AND COOK, N.G.W</subfield>
    <subfield code="9">3818</subfield>
  </datafield>
  <datafield tag="245" ind1=" " ind2=" ">
    <subfield code="a">FUNDAMENTALS OF ROCK MECHANICS</subfield>
  </datafield>
  <datafield tag="260" ind1=" " ind2=" ">
    <subfield code="b">CHAPMAN AND HALL LTD</subfield>
    <subfield code="c">1969</subfield>
  </datafield>
  <datafield tag="300" ind1=" " ind2=" ">
    <subfield code="a">515</subfield>
  </datafield>
  <datafield tag="942" ind1=" " ind2=" ">
    <subfield code="c">BK</subfield>
  </datafield>
  <datafield tag="999" ind1=" " ind2=" ">
    <subfield code="c">5416</subfield>
    <subfield code="d">5414</subfield>
  </datafield>
  <datafield tag="952" ind1=" " ind2=" ">
    <subfield code="0">0</subfield>
    <subfield code="1">0</subfield>
    <subfield code="4">0</subfield>
    <subfield code="7">0</subfield>
    <subfield code="8">MINING</subfield>
    <subfield code="a">JRU</subfield>
    <subfield code="b">JRU</subfield>
    <subfield code="c">SHELF-94-A</subfield>
    <subfield code="d">2017-04-01</subfield>
    <subfield code="e">PURCHESS</subfield>
    <subfield code="g">350.00</subfield>
    <subfield code="l">6</subfield>
    <subfield code="m">1</subfield>
    <subfield code="p">21693</subfield>
    <subfield code="r">2024-01-25 16:29:28</subfield>
    <subfield code="s">2023-12-29</subfield>
    <subfield code="w">2017-04-01</subfield>
    <subfield code="y">BK</subfield>
  </datafield>
  <datafield tag="952" ind1=" " ind2=" ">
    <subfield code="0">0</subfield>
    <subfield code="1">0</subfield>
    <subfield code="4">0</subfield>
    <subfield code="7">0</subfield>
    <subfield code="8">MINING</subfield>
    <subfield code="a">JRU</subfield>
    <subfield code="b">JRU</subfield>
    <subfield code="c">SHELF-94-A</subfield>
    <subfield code="d">2017-04-01</subfield>
    <subfield code="e">PURCHESS</subfield>
    <subfield code="g">350.00</subfield>
    <subfield code="l">3</subfield>
    <subfield code="p">21694</subfield>
    <subfield code="r">2023-09-28 00:00:00</subfield>
    <subfield code="s">2023-09-27</subfield>
    <subfield code="w">2017-04-01</subfield>
    <subfield code="y">BK</subfield>
  </datafield>
  <datafield tag="952" ind1=" " ind2=" ">
    <subfield code="0">0</subfield>
    <subfield code="1">0</subfield>
    <subfield code="4">0</subfield>
    <subfield code="7">0</subfield>
    <subfield code="8">MINING</subfield>
    <subfield code="a">JRU</subfield>
    <subfield code="b">JRU</subfield>
    <subfield code="c">SHELF-94-A</subfield>
    <subfield code="d">2017-04-01</subfield>
    <subfield code="e">PURCHESS</subfield>
    <subfield code="g">350.00</subfield>
    <subfield code="l">5</subfield>
    <subfield code="p">21695</subfield>
    <subfield code="r">2022-12-20 00:00:00</subfield>
    <subfield code="s">2022-12-16</subfield>
    <subfield code="w">2017-04-01</subfield>
    <subfield code="y">BK</subfield>
  </datafield>
</record>
